Parchayiyam ke piche/ (Record no. 33505)

000 -LEADER
fixed length control field 00322nam a22001331a 4500
082 ## - DEWEY DECIMAL CLASSIFICATION NUMBER
Classification number H3 PAR SAS
Item number L79
100 ## - MAIN ENTRY--AUTHOR NAME
Personal name Sasiprabha Sastri
245 ## - TITLE STATEMENT
Title Parchayiyam ke piche/
Statement of responsibility, etc by Sasiprabha Sastri
260 ## - PUBLICATION, DISTRIBUTION, ETC. (IMPRINT)
Place of publication New Delhi:
Name of publisher National,
Year of publication 1979.
300 ## - PHYSICAL DESCRIPTION
Number of Pages 260p.
650 ## - SUBJECT ADDED ENTRY--TOPICAL TERM
Topical Term Novel Hindi
650 ## - SUBJECT ADDED ENTRY--TOPICAL TERM
Topical Term Literature
942 ## - ADDED ENTRY ELEMENTS (KOHA)
Koha item type Book
Holdings
Withdrawn status Lost status Damaged status Not for loan Permanent Location Current Location Date acquired Cost, normal purchase price Full call number Accession Number Cost, replacement price Price effective from Koha item type
Write off     1 Sree Sankaracharya University of Sanskrit Sree Sankaracharya University of Sanskrit 08.01.2015 30.00 H3 PAR SAS L79 038891 0.00 08.01.2015 Book